[Event "EYCC Open U14 2018"]
[Site "Riga"]
[Date "2018.08.21"]
[Round "2"]
[White "Magold, Victor"]
[Black "Trifan, Andrei Ioan"]
[Result "0-1"]
[WhiteElo "2032"]
[BlackElo "2308"]
[Annotator "NA RC"]
[PlyCount "64"]
[EventDate "2018.08.20"]
[EventType "swiss"]
[EventCountry "LAT"]
[SourceTitle "playchess.com"]
[Source "ChessBase"]
[SourceQuality "1"]
[TimeControl "40/5400+30:1800+30"]

1. c4 {[%emt 0:00:00]} g6 {[%emt 0:00:08]} 2. g3 {[%emt 0:00:00]} Bg7 {[%emt 0:00:59]} 3. Bg2 {[%emt 0:00:00]} d6 {[%emt 0:01:38]} 4. Nc3 {[%emt 0:02:10]} e5 {[%emt 0:01:16]} 5. e3 {[%emt 0:14:31]} f5 {[%emt 0:11:07]} 6. Nge2 {[%emt 0:02:09]} Nf6 {[%emt 0:02:54] LiveBook: 153 Games} 7. d4 {[%emt 0:12:15]} O-O {[%emt 0:07:40]} 8. dxe5 {[%emt 0:02:32]} dxe5 {[%emt 0:00:06]} 9. Qb3 {[%emt 0:00:59]} c6 {[%emt 0:08:16]} 10. O-O {[%emt 0:06:16]} Qe7 {[%emt 0:00:49]} 11. e4 $17 {[%emt 0:23:24]} Be6 {[%emt 0:13:28]} 12. exf5 {[%emt 0:01:42]} gxf5 {[%emt 0:01:56]} 13. Qc2 {[%emt 0:04:24]} Nbd7 {[%emt 0:06:49]} 14. b3 {[%emt 0:01:24]} Qf7 {[%emt 0:05:29]} 15. Ba3 {[%emt 0:02:47]} Rfe8 {[%emt 0:00:59]} 16. Rad1 {[%emt 0:10:44]} Kh8 {[%emt 0:05:55]} 17. Bc1 {[%emt 0:05:48]} Rg8 {[%emt 0:03:50]} 18. f4 {[%emt 0:04:27]} e4 {[%emt 0:04:06]} 19. Nd4 {[%emt 0:00:54]} Nc5 {[%emt 0:02:41]} 20. Bh3 {[%emt 0:01:20]} Qh5 {[%emt 0:02:58]} 21. Nxe6 {[%emt 0:00:58]} Nxe6 {[%emt 0:00:47]} 22. Bg2 {[%emt 0:01:21]} Nd4 {[%emt 0:07:09]} 23. Qb2 {[%emt 0:00:45]} c5 {[%emt 0:01:30]} 24. Rfe1 {[%emt 0:00:35]} Rad8 {[%emt 0:02:14]} 25. h3 {[%emt 0:00:26]} Nf3+ {[%emt 0:00:54]} 26. Bxf3 {[%emt 0:00:09]} Qxf3 {[%emt 0:00:19]} 27. Rxd8 {[%emt 0:00:30]} Qxg3+ {[%emt 0:00:33]} 28. Kf1 {[%emt 0:00:10]} Rxd8 {[%emt 0:01:04]} 29. Be3 {[%emt 0:00:25]} Rd3 {[%emt 0:02:02]} 30. Nd1 {[%emt 0:00:39]} Ng4 {[%emt 0:00:44]} 31. Qg2 {[%emt 0:01:04]} Qxg2+ {[%emt 0:01:00]} 32. Kxg2 {[%emt 0:00:03]} Rxd1 {[%emt 0:00:07]} 0-1

[Event "EYCC Open U14 2018"]
[Site "Riga"]
[Date "2018.08.21"]
[Round "2"]
[White "Torngren, Gustav"]
[Black "Ingebretsen, Jens E"]
[Result "1-0"]
[WhiteElo "2030"]
[BlackElo "2292"]
[Annotator "TA"]
[PlyCount "143"]
[EventDate "2018.08.20"]
[EventType "swiss"]
[EventCountry "LAT"]
[SourceTitle "playchess.com"]
[Source "ChessBase"]
[SourceQuality "1"]

{[%evp 19,143,0,7,-24,0,-16,-23,-64,-66,-68,-56,-52,-53,-39,-55,-50,0,0,0,-60,-40,0,152,122,153,123,147,145,345,345,930,472,470,485,441,377,377,377,371,371,348,301,301,301,426,301,404,301,301,301,301,301,404,404,404,404,404,314,2541,1616,12833,12281,12837,12837,12837,12837,12837,12838,12838,12838,12838,12831,12830,0,12836,12836,12841,12842,12842,12842,12843,12841,12841,12842,12843,12843,12846,12847,12850,29978,12851,29974,12851,29961,12851,29974,12851,29968,12851,29973,12851,29975,12851,29975,12851,29978,12851,29980,12851,29984,12851,12851,12851,29986,12851,29987,29994,29995,29995,29995,29996,29997,29997,29998,29998,29999]} 1. d4 d5 2. c4 e6 3. Nc3 Bb4 4. e3 Nf6 5. Bd3 O-O 6. Nf3 c5 7. O-O dxc4 8. Bxc4 b6 9. Qe2 Bb7 10. Rd1 Qc8 {LiveBook: 9 Games} 11. d5 {E54: Nimzo-Indian: Rubinstein: Main Line: 7...dxc4 8 Bxc4} Bxc3 12. dxe6 b5 $146 ({Predecessor:} 12... Ba5 13. Ng5 b5 14. exf7+ Kh8 15. Bxb5 Nc6 16. b4 cxb4 17. Bb2 Qf5 18. h4 Ne5 {1-0 (27) Sedlak,N (2570)-Perunovic,M (2574) Kragujevac 2010}) 13. e7 {Black has an edge.} Re8 14. Bxb5 Ba5 15. Bxe8 Qxe8 16. b4 cxb4 17. Bb2 {Strongly threatening Bxf6.} Qxe7 {And now ...Nc6 would win.} 18. Bxf6 $1 gxf6 ({Not} 18... Qxf6 $2 19. Qb5 $18) 19. Nd4 (19. Nh4 $1 $11 Qe5 20. Qg4+ Qg5 21. Qxg5+ fxg5 22. Nf5) 19... Qe4 $15 {[%csl Gb7][%cal Re4g2]} 20. f3 Qg6 $2 ({Better is} 20... Qe5 $11 21. Rac1 Na6) 21. Qb5 $16 {[%mdl 1024] White has strong compensation.} Bb6 {[#]} 22. Nf5 $1 {[%cal Rb5e8]} Nc6 {Threatens to win with ...Re8.} 23. Rd7 $40 {[%mdl 128] White attacks with force.} Qg5 $2 (23... Rb8 $16) 24. h4 $18 ({Don't do} 24. Rxb7 Ne5 $18) 24... Ba6 $2 (24... Bxe3+ 25. Kh1 Qf4 26. Nxe3 (26. Rxb7 Bd4 $18) 26... Ne5 27. Qxb7 Rf8) 25. Qxc6 ({Weaker is} 25. hxg5 Bxb5 26. Nh6+ Kg7 $15) 25... Qxf5 26. Qxa8+ Kg7 27. Qd5 Bxe3+ 28. Kh1 Qxd5 29. Rxd5 Bc4 30. Rd8 a5 31. g3 a4 (31... Bb6 $142 32. Rd2 Be3) 32. Kg2 a3 33. Rb1 Bxa2 34. Rxb4 Be6 35. Ra4 Bc1 36. Rda8 Bb2 37. Rxa3 Bxa3 38. Rxa3 {[%mdl 4096] Endgame KR-KB} Bd5 $2 (38... h5 39. Kf2 f5) 39. Ra5 Bb3 40. g4 h6 41. Kg3 Bc2 42. Ra6 Bd3 43. Rb6 Bc2 44. Rd6 Bb1 45. Kf4 Ba2 46. Kg3 Bb1 $1 47. f4 {[%cal Bf3f4,Bf4f5][%mdl 32]} Bc2 48. f5 Bb3 49. Kf4 Bc4 50. Rc6 Bd5 51. Rb6 Bc4 52. g5 hxg5+ 53. hxg5 fxg5+ 54. Kxg5 Bd5 55. Rd6 (55. f6+ $18 Kh7 56. Rb2) 55... Bb3 56. Rd7 (56. f6+ $18 Kh7 57. Rd4) 56... Bc4 57. Rc7 (57. f6+ $18 Kh7 58. Rd4) 57... Bb3 58. f6+ Kh7 59. Kf5 Be6+ 60. Ke5 Ba2 61. Kd6 Be6 62. Ke7 (62. Rc3 $18 Kg6 63. Ke7) 62... Kg8 63. Rc1 Bf5 64. Ra1 (64. Rg1+ $18 Kh7 65. Kxf7 Kh6 66. Ke7 Bg6 {[#]} 67. Rxg6+ $1 {[%mdl 512]} Kxg6 68. Ke6 Kg5 69. f7) 64... Bg6 65. Ra8+ Kh7 66. Rf8 Bh5 67. Rxf7+ Kh8 {White mates.} 68. Rg7 Be8 69. Rg3 Bh5 70. f7 Bg4 71. Rxg4 Kh7 72. Kf6 {Precision: White = 78%, Black = 36%.} 1-0

[Event "EYCC Open U14 2018"]
[Site "Riga"]
[Date "2018.08.22"]
[Round "3"]
[White "Bjerre, Jonas Buhl"]
[Black "Ceres, Dragos"]
[Result "1-0"]
[WhiteElo "2423"]
[BlackElo "2211"]
[Annotator "TA"]
[PlyCount "119"]
[EventDate "2018.08.20"]
[EventType "swiss"]
[EventCountry "LAT"]
[SourceTitle "playchess.com"]
[Source "ChessBase"]
[SourceQuality "1"]

{[%evp 27,119,35,82,29,38,52,43,47,48,41,43,4,25,14,45,46,27,15,46,19,50,52,39,35,46,60,95,95,100,81,97,76,133,0,0,-66,-45,-93,182,175,168,170,170,170,161,172,162,181,179,183,177,169,166,149,172,124,126,71,76,73,94,62,104,0,126,126,126,126,133,133,133,133,270,133,260,106,95,102,147,139,159,159,158,158,152,152,616,597,6103,6103,29976,29977,29978,29979]} 1. e4 e6 2. d4 d5 3. Nd2 c5 4. exd5 Qxd5 5. Ngf3 cxd4 6. Bc4 Qd6 7. O-O Nf6 8. Nb3 Nc6 9. Nbxd4 Nxd4 10. Nxd4 a6 11. Re1 Qc7 12. Bf1 {C07: French Tarrasch: 3...c5, 4 Ngf3 and 4 exd5 Qxd5} (12. Qe2 Bc5 13. c3 O-O 14. Bg5 b5 15. Bd3 Nd5 16. Qh5 g6 17. Qh4 Bb7 18. a4 bxa4 19. Rxa4 Rfe8 20. Nf3 {1-0 (29) Wei,Y (2729)-So,W (2780) chess.com INT 2018}) 12... Bc5 13. Bg5 O-O 14. Bxf6 gxf6 {LiveBook: 3 Games} 15. Re3 $146 (15. Qh5 $16) ({Predecessor:} 15. Qg4+ Kh8 16. Qh4 Be7 17. Re3 Rg8 18. Rae1 f5 19. Qh5 Bf8 {1-0 (81) Kasparov,S (2485)-De Jong,M (2336) Groningen 2015}) 15... Qf4 16. c3 Kh8 17. Rf3 Qe5 18. Rh3 {Hoping for Nf3.} Rg8 19. Nf3 Qf4 20. Rh4 Qd6 21. Bd3 {[%csl Gd3][%cal Rh4h7]} Rg7 $1 22. Qe2 $40 {[%mdl 128] White attacks.} f5 23. b4 Bb6 24. Rd1 Qf8 $1 25. Bc2 Bd8 {[%cal Bb6d8,Bd8f6,Bf6c3][%mdl 32]} 26. Rhd4 Bf6 27. Ne5 b5 28. g3 Bb7 29. Rd7 Bd5 {[#]} (29... Rb8 $142) 30. Bb3 (30. Bxf5 $1 $16 {[%mdl 512] Be4 is the strong threat.} Rd8 (30... exf5 31. R1xd5) 31. Bc2) 30... Be4 $11 31. Nf3 (31. f4 $11) 31... Bxc3 $15 32. Qe3 Qxb4 $2 {[%mdl 8192]} (32... Bf6 $1 $17 {stays on course.} 33. Nd2 Bc6) 33. Ng5 $18 Rf8 {[#]} 34. Nxf7+ $1 {[%mdl 512]} Rgxf7 (34... Rfxf7 35. Rxf7) 35. Rxf7 Rxf7 36. Rd8+ Rf8 37. Rxf8+ Qxf8 38. Qxc3+ Qg7 39. Qc8+ Qg8 40. Qxa6 Qg5 41. Qc8+ Kg7 42. Qd7+ ({White should play} 42. Bxe6 Qf6 43. Kf1) 42... Kf8 $16 43. Qd6+ Kg7 44. Qc7+ Kh6 45. Qc8 Kg7 $1 46. Bxe6 Qf6 47. Qd7+ Kg6 {( -> ...Qa1+)} 48. Bb3 $1 Qa1+ 49. Qd1 $1 {[%cal Rd1a1]} ({Much weaker is} 49. Bd1 $6 Bf3 $11) 49... Qxd1+ 50. Bxd1 {[%mdl 4096] Endgame KB-KB} f4 (50... b4 $16 {keeps fighting.} 51. f4 Bd3) 51. Kf1 ({Weaker is} 51. gxf4 b4 $14) (51. a3 $1 $18) 51... b4 52. Ke2 Kf5 53. Kd2 $1 Ke5 {[#]} 54. Bc2 $1 Bd5 55. Bxh7 Bxa2 {[#]} 56. g4 $1 {[%cal Bg3g4,Bg4g5][%mdl 32]} Bd5 $2 (56... Be6 $16) 57. g5 Kd4 58. h4 {[%cal Bh2h4,Bh4h5,Bh5h6][%mdl 32]} b3 59. h5 Ke5 60. h6 {Precision: White = 61%, Black = 50%.} 1-0

[Event "EYCC Open U14 2018"]
[Site "Riga"]
[Date "2018.08.22"]
[Round "3"]
[White "Oglaza, Oskar"]
[Black "Hoffmann, Yair"]
[Result "1/2-1/2"]
[WhiteElo "2364"]
[BlackElo "2112"]
[Annotator "NA"]
[PlyCount "96"]
[EventDate "2018.08.20"]
[EventType "swiss"]
[EventCountry "LAT"]
[SourceTitle "playchess.com"]
[Source "ChessBase"]
[SourceQuality "1"]
[TimeControl "40/5400+30:1800+30"]

1. e4 {[%emt 0:00:00]} c6 {[%emt 0:00:00]} 2. d4 {[%emt 0:00:00]} d5 {[%emt 0:00:00]} 3. exd5 {[%emt 0:00:00]} cxd5 {[%emt 0:00:21]} 4. Bd3 {[%emt 0:00:06]} Nc6 {[%emt 0:00:47]} 5. c3 {[%emt 0:00:08]} Nf6 {[%emt 0:04:11]} 6. h3 {[%emt 0:00:17]} g6 {[%emt 0:08:19]} 7. Nf3 {[%emt 0:00:14]} Bg7 {[%emt 0:00:21]} 8. O-O {[%emt 0:02:15]} O-O {[%emt 0:01:07]} 9. Re1 {[%emt 0:04:13]} Qc7 {[%emt 0:05:04]} 10. Bg5 {[%emt 0:00:47] LiveBook: 20 Games} Re8 {[%emt 0:02:37]} 11. Nbd2 {[%emt 0:00:20]} Nh5 {[%emt 0:06:20]} 12. Nf1 {[%emt 0:05:25]} Nf4 {[%emt 0:09:02]} 13. Bxf4 {[%emt 0:01:04]} Qxf4 {[%emt 0:00:18]} 14. Ne3 {[%emt 0:01:25]} Rd8 {[%emt 0:02:22]} 15. Qb3 {[%emt 0:05:14]} Qd6 {[%emt 0:02:33]} 16. Rad1 {[%emt 0:07:25]} b6 {[%emt 0:10:49]} 17. Qa4 {[%emt 0:23:54]} Bd7 {[%emt 0:10:01]} 18. Qb3 {[%emt 0:02:51]} Bc8 {[%emt 0:01:07]} 19. Bb5 {[%emt 0:22:32]} Bb7 {[%emt 0:08:12]} 20. Ng4 {[%emt 0:00:42]} Na5 {[%emt 0:02:45]} 21. Qc2 {[%emt 0:00:09]} a6 {[%emt 0:03:06]} 22. Bd3 {[%emt 0:00:05]} Nc6 {[%emt 0:05:43]} 23. Qd2 {[%emt 0:00:32]} Rf8 {[%emt 0:01:31]} 24. h4 {[%emt 0:10:33]} Rae8 {[%emt 0:02:23]} 25. Nfe5 {[%emt 0:04:53]} Nxe5 {[%emt 0:02:10]} 26. dxe5 {[%emt 0:00:06]} Qe6 {[%emt 0:00:59]} 27. Qg5 {[%emt 0:01:30]} Bc8 {[%emt 0:01:51]} 28. f3 {[%emt 0:00:09]} b5 {[%emt 0:01:08]} 29. h5 {[%emt 0:02:40]} Qb6+ {[%emt 0:00:28]} 30. Kh1 {[%emt 0:01:20]} Bxg4 {[%emt 0:01:10]} 31. Qxg4 {[%emt 0:00:14]} e6 {[%emt 0:03:46]} 32. f4 {[%emt 0:00:40]} Qf2 {[%emt 0:01:02]} 33. Re2 {[%emt 0:00:25]} Qb6 {[%emt 0:00:33]} 34. Bc2 {[%emt 0:00:38]} Rc8 {[%emt 0:01:04]} 35. Rd3 {[%emt 0:00:24]} f5 {[%emt 0:01:21]} 36. exf6 {[%emt 0:00:07]} Rxf6 {[%emt 0:00:07]} 37. Rh3 {[%emt 0:01:45]} Rcf8 {[%emt 0:00:47]} 38. g3 {[%emt 0:00:58]} d4 {[%emt 0:00:47]} 39. hxg6 {[%emt 0:00:28]} h6 {[%emt 0:00:06]} 40. Bb3 {[%emt 0:00:00]} Kh8 {[%emt 0:00:00]} 41. cxd4 {[%emt 0:06:30]} Qxd4 {[%emt 0:04:26]} 42. Qg5 {[%emt 0:12:57]} Qd3 {[%emt 0:10:25]} 43. Rxh6+ {[%emt 0:01:36]} Kg8 {[%emt 0:00:07]} 44. Rxe6 {[%emt 0:09:03]} Qf1+ {[%emt 0:00:27]} 45. Kh2 {[%emt 0:00:06]} Qf2+ {[%emt 0:00:07]} 46. Kh3 {[%emt 0:00:54]} Qf1+ {[%emt 0:00:20]} 47. Kh2 {[%emt 0:04:29]} Qf2+ {[%emt 0:00:08]} 48. Kh3 {[%emt 0:00:08]} Qf1+ {[%emt 0:00:07]} 1/2-1/2

[Event "EYCC Open U14 2018"]
[Site "Riga"]
[Date "2018.08.22"]
[Round "3"]
[White "Pogosyan, Stefan"]
[Black "Solomon, Asif"]
[Result "1-0"]
[WhiteElo "2331"]
[BlackElo "2073"]
[Annotator "NA"]
[PlyCount "111"]
[EventDate "2018.08.20"]
[EventType "swiss"]
[EventCountry "LAT"]
[SourceTitle "playchess.com"]
[Source "ChessBase"]
[SourceQuality "1"]
[TimeControl "40/5400+30:1800+30"]

1. d4 {[%emt 0:00:00]} Nf6 {[%emt 0:00:00]} 2. c4 {[%emt 0:00:00]} g6 {[%emt 0:00:00]} 3. Nc3 {[%emt 0:00:00]} Bg7 {[%emt 0:00:00]} 4. g3 {[%emt 0:00:00]} O-O {[%emt 0:00:00]} 5. Bg2 {[%emt 0:00:00]} d6 {[%emt 0:00:00]} 6. Nf3 {[%emt 0:00:01]} Nc6 {[%emt 0:00:15]} 7. O-O {[%emt 0:00:07]} e5 {[%emt 0:00:31]} 8. d5 {[%emt 0:00:32]} Nb8 {[%emt 0:00:10]} 9. e4 {[%emt 0:01:12]} a5 {[%emt 0:00:29] E62: King's Indian: Fianchetto: 6...c6 and Panno Variation (6...Nc6) without ...a6} 10. Ne1 {[%emt 0:02:22]} Na6 {[%emt 0:00:29]} 11. Nd3 {[%emt 0:00:10]} Nb4 {[%emt 0:04:02]} (11... Nd7 12. Be3 Ndc5 13. Nxc5 Nxc5 14. Qd2 f5 15. exf5 gxf5 16. f4 e4 {1-0 (50) Svidler,P (2753)-Yu,Y (2759) Shenzhen 2018}) 12. Ne1 {[%emt 0:14:35]} Na6 {[%emt 0:00:10]} 13. b3 {[%emt 0:02:53]} Nc5 {[%emt 0:02:47] LiveBook: 3 Games} (13... Nd7 $11) 14. Rb1 {[%emt 0:02:30]} Bd7 {[%emt 0:07:14]} 15. a3 {[%emt 0:08:23]} Ne8 {[%emt 0:06:28]} 16. Nd3 {[%emt 0:05:17]} b6 {[%emt 0:15:37]} 17. Be3 $146 {[%emt 0:06:54]} ({Predecessor:} 17. b4 Nxd3 18. Qxd3 axb4 19. axb4 f5 20. Bd2 Nf6 21. Ra1 {½-½ (50) Boensch,U-Moehring,G Halle/Saale 1974}) 17... f5 {[%emt 0:06:27]} 18. b4 {[%emt 0:03:01]} axb4 {[%emt 0:03:03]} 19. axb4 {[%emt 0:03:01]} Nxd3 {[%emt 0:05:32]} 20. Qxd3 {[%emt 0:00:11]} f4 {[%emt 0:00:14]} 21. Bd2 {[%emt 0:01:21]} g5 {[%emt 0:04:55]} 22. Ra1 {[%emt 0:05:36]} Rxa1 {[%emt 0:05:00]} 23. Rxa1 {[%emt 0:00:22]} h5 {[%emt 0:01:36]} 24. c5 {[%emt 0:03:01]} bxc5 {[%emt 0:02:27]} 25. bxc5 {[%emt 0:00:07]} h4 {[%emt 0:03:33] [#]} 26. c6 $18 {[%emt 0:04:42]} Bc8 {[%emt 0:06:46]} 27. Ra8 {[%emt 0:00:34]} Nf6 {[%emt 0:04:20]} 28. gxh4 {[%emt 0:06:35]} g4 {[%emt 0:01:02]} 29. Nb5 {[%emt 0:01:42]} Nh5 {[%emt 0:03:39]} 30. Na7 {[%emt 0:05:18]} Ba6 {[%emt 0:03:05]} 31. Rxd8 {[%emt 0:00:06]} Bxd3 {[%emt 0:00:04]} 32. Rxf8+ {[%emt 0:01:13]} Bxf8 {[%emt 0:01:13]} 33. Ba5 {[%emt 0:01:15]} f3 {[%emt 0:02:06]} 34. Bf1 {[%emt 0:00:23]} Bxe4 {[%emt 0:01:42]} 35. Bc4 {[%emt 0:02:44]} Nf4 {[%emt 0:03:49]} 36. Bxc7 {[%emt 0:00:10]} Bxd5 {[%emt 0:01:57]} 37. Bxd5+ {[%emt 0:00:11]} Nxd5 {[%emt 0:00:05]} 38. Bd8 {[%emt 0:00:11]} Kf7 {[%emt 0:02:20]} 39. c7 {[%emt 0:02:29]} Nxc7 {[%emt 0:05:22]} 40. Bxc7 {[%emt 0:00:00]} Ke6 {[%emt 0:00:00]} 41. h5 {[%emt 0:05:42]} d5 {[%emt 0:10:28]} 42. Nb5 {[%emt 0:05:04]} d4 {[%emt 0:01:37]} 43. Ba5 {[%emt 0:08:12]} Bh6 {[%emt 0:12:06]} 44. Bb4 {[%emt 0:11:14]} d3 {[%emt 0:04:39]} 45. Nc7+ {[%emt 0:08:22]} Kf5 {[%emt 0:01:07]} 46. Nd5 {[%emt 0:00:33]} d2 {[%emt 0:00:24]} 47. Nc3 {[%emt 0:00:20]} e4 {[%emt 0:01:25]} 48. Bc5 {[%emt 0:03:02]} g3 {[%emt 0:03:11]} 49. hxg3 {[%emt 0:01:42]} Kg4 {[%emt 0:00:10]} 50. Nd1 {[%emt 0:01:09]} Kxh5 {[%emt 0:00:33]} 51. Be3 {[%emt 0:00:07]} Bxe3 {[%emt 0:00:45]} 52. Nxe3 {[%emt 0:00:01]} Kg5 {[%emt 0:00:25]} 53. Kh2 {[%emt 0:00:07]} Kf6 {[%emt 0:00:37]} 54. g4 {[%emt 0:00:04]} Ke5 {[%emt 0:00:14]} 55. g5 {[%emt 0:00:13]} Kd4 {[%emt 0:00:48]} 56. g6 {[%emt 0:00:07]} 1-0

[Event "EYCC Open U14 2018"]
[Site "Riga"]
[Date "2018.08.22"]
[Round "3"]
[White "Trifan, Andrei Ioan"]
[Black "Torngren, Gustav"]
[Result "1-0"]
[WhiteElo "2308"]
[BlackElo "2030"]
[Annotator "NA"]
[PlyCount "47"]
[EventDate "2018.08.20"]
[EventType "swiss"]
[EventCountry "LAT"]
[SourceTitle "playchess.com"]
[Source "ChessBase"]
[SourceQuality "1"]
[TimeControl "40/5400+30:1800+30"]

1. e4 {[%emt 0:00:00]} c5 {[%emt 0:00:00]} 2. Nf3 {[%emt 0:00:02]} g6 {[%emt 0:00:12]} 3. d4 {[%emt 0:01:30]} cxd4 {[%emt 0:00:12]} 4. Nxd4 {[%emt 0:00:19]} Bg7 {[%emt 0:00:17]} 5. c4 {[%emt 0:01:12]} Nc6 {[%emt 0:00:50]} 6. Be3 {[%emt 0:00:55]} Nf6 {[%emt 0:00:23]} 7. Nc3 {[%emt 0:00:39]} Ng4 {[%emt 0:00:14]} 8. Qxg4 {[%emt 0:02:21]} Nxd4 {[%emt 0:01:10]} 9. Qd1 {[%emt 0:00:21]} e5 {[%emt 0:00:47]} 10. Bd3 {[%emt 0:09:16]} d6 {[%emt 0:01:37]} 11. O-O {[%emt 0:03:30]} O-O {[%emt 0:00:44]} 12. Qd2 {[%emt 0:03:17]} Be6 {[%emt 0:01:32]} 13. Nd5 {[%emt 0:10:25]} Bxd5 {[%emt 0:01:24] LiveBook: 6 Games [#] B39: Sicilian: Maroczy Bind with 5...Bg7 and 7...Ng4} 14. exd5 $146 {[%emt 0:04:10]} ({Predecessor:} 14. cxd5 f5 15. f3 fxe4 16. Bxe4 Nf5 17. Bf2 Bh6 18. Qd3 Qa5 19. Rfd1 Rac8 20. a3 Qa4 21. b3 {½-½ (88) Kovchan,A (2572)-Guseynov,A (2341) Cesme 2018}) 14... a6 {[%emt 0:05:09]} 15. f4 {[%emt 0:08:13]} Qd7 {[%emt 0:05:09]} 16. Bxd4 {[%emt 0:02:47]} exd4 {[%emt 0:01:33]} 17. f5 {[%emt 0:00:41]} Qe7 {[%emt 0:08:36]} 18. Rae1 {[%emt 0:03:42]} Qh4 {[%emt 0:00:18]} 19. Re4 {[%emt 0:01:59]} Qh6 {[%emt 0:07:26]} 20. Qf2 {[%emt 0:06:34]} Be5 {[%emt 0:00:23]} 21. h3 {[%emt 0:04:22]} g5 {[%emt 0:12:46]} 22. f6 {[%emt 0:07:19]} Rfe8 {[%emt 0:05:21]} 23. Rg4 {[%emt 0:08:17]} Bf4 $18 {[%emt 0:00:58]} (23... Kh8 $16) 24. Qxf4 {[%emt 0:00:33]} 1-0

[Event "EYCC Open U14 2018"]
[Site "Riga"]
[Date "2018.08.22"]
[Round "3"]
[White "Patrelakis, Evaggelos"]
[Black "Munshi, Aditya"]
[Result "1/2-1/2"]
[WhiteElo "2235"]
[BlackElo "2018"]
[Annotator "NA"]
[PlyCount "64"]
[EventDate "2018.08.20"]
[EventType "swiss"]
[EventCountry "LAT"]
[SourceTitle "playchess.com"]
[Source "ChessBase"]
[SourceQuality "1"]
[TimeControl "40/5400+30:1800+30"]

1. e4 {[%emt 0:00:00]} c6 {[%emt 0:00:00]} 2. d4 {[%emt 0:00:00]} d5 {[%emt 0:00:00]} 3. Nc3 {[%emt 0:00:00]} dxe4 {[%emt 0:00:13]} 4. Nxe4 {[%emt 0:00:04]} Bf5 {[%emt 0:00:23]} 5. Ng3 {[%emt 0:00:08]} Bg6 {[%emt 0:00:09]} 6. h4 {[%emt 0:00:46]} h6 {[%emt 0:00:47]} 7. Nf3 {[%emt 0:00:17]} e6 {[%emt 0:00:31]} 8. Bd3 {[%emt 0:01:09]} Bxd3 {[%emt 0:01:07]} 9. Qxd3 {[%emt 0:00:02]} Nf6 {[%emt 0:10:46]} 10. Bd2 {[%emt 0:03:06]} Nbd7 {[%emt 0:02:03]} 11. O-O-O {[%emt 0:01:09]} Be7 {[%emt 0:01:20]} 12. Ne4 {[%emt 0:02:47]} Nxe4 {[%emt 0:01:49]} 13. Qxe4 {[%emt 0:00:02] LiveBook: 15 Games} Nf6 {[%emt 0:00:22]} 14. Qd3 {[%emt 0:02:17]} Qc7 {[%emt 0:22:54]} 15. Ne5 {[%emt 0:09:25]} Bd6 {[%emt 0:15:40]} 16. Nc4 $11 {[%emt 0:22:13]} Bf4 {[%emt 0:07:17]} 17. g3 {[%emt 0:01:54]} Bxd2+ {[%emt 0:00:48]} 18. Rxd2 {[%emt 0:00:45]} O-O {[%emt 0:01:09]} 19. Ne5 {[%emt 0:08:10]} Rfd8 {[%emt 0:15:47]} 20. Rhd1 {[%emt 0:02:24]} Qa5 {[%emt 0:01:20]} 21. Kb1 {[%emt 0:02:15]} c5 {[%emt 0:00:59]} 22. Qe2 {[%emt 0:02:10]} cxd4 {[%emt 0:00:56]} 23. Rxd4 {[%emt 0:00:02]} Rxd4 {[%emt 0:00:29]} 24. Rxd4 {[%emt 0:00:02]} Rd8 {[%emt 0:00:38]} 25. Nc4 {[%emt 0:04:55]} Qc7 {[%emt 0:01:23]} 26. Qd2 {[%emt 0:01:10]} Rxd4 {[%emt 0:02:24]} 27. Qxd4 {[%emt 0:00:02]} Qc6 {[%emt 0:03:34]} 28. a3 {[%emt 0:01:23]} Qh1+ {[%emt 0:04:06]} 29. Ka2 {[%emt 0:00:11]} Qe4 {[%emt 0:00:11]} 30. Qc3 {[%emt 0:04:06]} Nd5 {[%emt 0:00:17]} 31. Qb3 {[%emt 0:00:18]} Qg2 {[%emt 0:02:30]} 32. f4 {[%emt 0:02:05]} b6 {[%emt 0:01:26]} 1/2-1/2

[Event "EYCC Open U14 2018"]
[Site "Riga"]
[Date "2018.08.22"]
[Round "3"]
[White "Van Dael, Siem"]
[Black "Tsoi, Dmitry"]
[Result "0-1"]
[WhiteElo "2174"]
[BlackElo "2393"]
[Annotator "NA"]
[PlyCount "42"]
[EventDate "2018.08.20"]
[EventType "swiss"]
[EventCountry "LAT"]
[SourceTitle "playchess.com"]
[Source "ChessBase"]
[SourceQuality "1"]
[TimeControl "40/5400+30:1800+30"]

1. e4 {[%emt 0:00:00]} c6 {[%emt 0:00:00]} 2. d4 {[%emt 0:00:00]} d5 {[%emt 0:00:00]} 3. Nd2 {[%emt 0:00:00]} dxe4 {[%emt 0:00:00]} 4. Nxe4 {[%emt 0:00:00]} Nf6 {[%emt 0:00:00]} 5. Nxf6+ {[%emt 0:02:38]} exf6 {[%emt 0:00:05]} 6. c3 {[%emt 0:00:04]} Bd6 {[%emt 0:00:48]} 7. Bd3 {[%emt 0:04:11]} O-O {[%emt 0:00:19]} 8. Qc2 {[%emt 0:00:13]} h6 {[%emt 0:04:42]} 9. Ne2 {[%emt 0:02:09]} Qc7 {[%emt 0:01:02]} 10. Bd2 {[%emt 0:07:21] LiveBook: 3 Games B15: Caro-Kann: 3 Nc3: 3...g6 and 3...dxe4 4 Nxe4 Nf6 5 Nxf6+ exf6} Be6 {[%emt 0:01:07]} 11. Ng3 {[%emt 0:09:42]} Nd7 {[%emt 0:01:22]} 12. c4 $146 {[%emt 0:12:59]} ({Predecessor:} 12. O-O Rfe8 13. f4 b5 14. b3 Nf8 15. c4 bxc4 16. bxc4 Rad8 17. c5 Be7 {½-½ (40) Asis Gargatagli,H (2538)-Iturrizaga Bonelli,E (2652) Maia 2018}) 12... Rfe8 {[%emt 0:06:52]} 13. O-O {[%emt 0:06:13]} h5 {[%emt 0:07:09]} 14. f4 {[%emt 0:03:18]} h4 {[%emt 0:01:39]} 15. Ne4 {[%emt 0:05:49]} Bg4 $2 {[%emt 0:02:14]} (15... f5 $11 16. Ng5 (16. Nxd6 Qxd6 17. Bc3 Nf6 $14) 16... g6) 16. h3 {[%emt 0:05:40]} Bh5 {[%emt 0:00:19]} 17. g4 {[%emt 0:01:59]} Bg6 {[%emt 0:06:43]} 18. c5 {[%emt 0:10:33]} Bxe4 {[%emt 0:04:35]} 19. Bxe4 {[%emt 0:00:06]} Be7 {[%emt 0:05:26]} 20. f5 {[%emt 0:12:09] [#]} Bxc5 $19 {[%emt 0:02:51]} 21. Qd3 {[%emt 0:09:37]} Qe5 {[%emt 0:03:27]} 0-1